équipe nationale de tunisie (coupe du monde 2018) - Statistiques

Statistiques générales
  • Ce quiz a été pris 319 fois
  • Le résultat moyen est 9 sur 23
Statistiques - réponses
Hint Réponse % Correct
n°10 khazri
96%
n°13 sassi
63%
n°23 sliti
56%
n°11 bronn
55%
n°12 maaloul
54%
n°2 ben youssef
53%
n°8 ben youssef
53%
n°22 hassen
53%
n°17 skhiri
46%
n°4 meriah
45%
n°1 ben mustapha
38%
n°16 mathlouthi
35%
n°9 badri
30%
n°7 khaoui
30%
n°5 haddadi
27%
n°14 ben amor
26%
n°20 chaalali
23%
n°3 benalouane
22%
n°19 khalifa
19%
n°18 srarfi
18%
n°21 nagguez
15%
n°6 bedoui
13%
n°15 khalil
11%
Aucun quiz correspondant
Distribution des résultats
% des personnes avec chaque résultat
Percentile par nombre de réponses
Votre historique - résultats
Vous n’avez pas pris ce quiz